Ground-based and airborne telescopes (Record no. 16466)

MARC details
000 -LEADER
fixed length control field 00856nam a2200217Ia 4500
003 - CONTROL NUMBER IDENTIFIER
control field IN-BaIIA
008 - FIXED-LENGTH DATA ELEMENTS--GENERAL INFORMATION
fixed length control field 211028s9999 xx 000 0 eng d
020 ## - INTERNATIONAL STANDARD BOOK NUMBER
International Standard Book Number 0-8194-6332-9
040 ## - CATALOGING SOURCE
Transcribing agency IIA Library
080 ## - UNIVERSAL DECIMAL CLASSIFICATION NUMBER
Universal Decimal Classification number 535(082.1)
Item number SPI-6267
245 #0 - TITLE STATEMENT
Title Ground-based and airborne telescopes
Statement of responsibility, etc. edited by L. M. Stepp
260 ## - PUBLICATION, DISTRIBUTION, ETC.
Place of publication, distribution, etc. Bellingham
Name of publisher, distributor, etc. The International Society for Optical Engineering
Date of publication, distribution, etc. 2006
300 ## - PHYSICAL DESCRIPTION
Extent [various pagings.]
490 ## - SERIES STATEMENT
Series statement SPIE proceedings series; v. 6267, pt. 1-2
650 ## - SUBJECT ADDED ENTRY--TOPICAL TERM
Topical term or geographic name entry element Astronomical observatories - design and construction - congresses
9 (RLIN) 30556
650 ## - SUBJECT ADDED ENTRY--TOPICAL TERM
Topical term or geographic name entry element Large astronomical telescopes - congresses
9 (RLIN) 30557
650 ## - SUBJECT ADDED ENTRY--TOPICAL TERM
Topical term or geographic name entry element Space astronomy - congresses
9 (RLIN) 30558
650 ## - SUBJECT ADDED ENTRY--TOPICAL TERM
Topical term or geographic name entry element Telescopes - design and construciton - congresses
9 (RLIN) 30559
700 ## - ADDED ENTRY--PERSONAL NAME
Personal name Stepp, L. M .,ed.
9 (RLIN) 30560
942 ## - ADDED ENTRY ELEMENTS (KOHA)
Koha item type Books
Holdings
Withdrawn status Lost status Damaged status Not for loan Home library Current library Shelving location Date acquired Source of acquisition Cost, normal purchase price Total Checkouts Full call number Barcode Date last seen Cost, replacement price Price effective from Koha item type Purchase Price
        IIA Library-Bangalore IIA Library-Bangalore General Stacks 24/04/2007 EDS 9061.00   535(082.1)/ SPI-6267 17388 05/11/2021 9061.00 24/04/2007 Books Rs. 9061.00

Powered by Koha